Immigration Vereinigte Staaten - Statistiken

Allgemein
  • Dieses Quiz wurde 163 mal gespielt
  • Das Durchschnittsergebnis liegt bei 23 aus 30
Antwortstatistiken
Platz Land Anzahl % Korrekt
1. Mexiko 10.931.939
99%
17. Deutschland 537.691
98%
3. China 2.250.230
96%
18. Brasilien 502.104
93%
12. Kanada 797.158
93%
25. Russland 392.422
93%
29. Japan 333.273
92%
2. Indien 2.688.075
90%
16. Vereinigtes Königreich 687.186
89%
30. Italien 314.867
86%
7. Kuba 1.359.990
84%
11. Kolumbien 808.148
82%
19. Venezuela 465.235
77%
10. Südkorea 1.038.885
76%
26. Iran 385.473
72%
23. Pakistan 398.399
72%
20. Peru 446.063
72%
6. Vietnam 1.383.779
71%
14. Honduras 745.838
70%
22. Polen 404.107
70%
4. Philippinen 2.045.248
68%
28. Ukraine 354.832
68%
9. Guatemala 1.111.495
66%
8. Dominikanische Republik 1.169.420
65%
15. Haiti 701.688
62%
13. Jamaika 772.215
61%
5. El Salvador 1.412.101
60%
24. Nigeria 392.811
59%
21. Ecuador 431.150
53%
27. Taiwan 371.851
43%
Keine übereinstimmenden Quizze gefunden
Verteilung der Resultate
Anzahl Personen mit jedem Resultat
Perzentil nach korrekt beantworteten Fragen
Ihre Resultats-Entwicklung
Sie haben dieses Quiz noch nicht gespielt